Percy Jackson Name Quiz - Statistics

General Stats
  • This quiz has been taken 227 times
  • The average score is 20 of 31
Answer Stats
Hint Answer % Correct
Jackson Percy
100%
Castellan Luke
97%
Di Angelo Nico
89%
Chase Annabeth
88%
Di Angelo Bianca
86%
Grace Jason
86%
Grace Thalia
86%
Valdez Leo
85%
Zhang Frank
84%
McLean Piper
84%
Jackson Sally
84%
Levesque Hazel
81%
Dare Rachel Elizabeth
81%
Blofis Paul
79%
Beauregard Silena
78%
Beckedorf Charlie
69%
Hedge Gleeson
64%
Chase Magnus
64%
La Rue Clarrise
58%
Kane Sadie
57%
Tanaka Drew
56%
Chase Frederick
52%
Jackson Estelle
51%
Kane Carter
50%
Fierro Alex
47%
Al- Abbas Samirah
27%
Rashid Zia
25%
Stone Walt
22%
Fadlan Amir
21%
Kane Amos
20%
Chase Natalie
19%
No matching quizzes found
Score Distribution
Percent of People with Each Score
Percentile by Number Answered
Your Score History
You have not taken this quiz